000 01023pam a2200289 a 4500
005 20260322212010.0
008 data
010 _a 96012560
020 _a087788059X (pbk.)
020 _a9780877880592 (pbk.)
040 _aDLC
_cDLC
_dDLC
050 0 0 _aBT77
_b.O35 1996
082 0 0 _a230/.51
_220
092 _a230.51 Ogi 1996
100 1 _aOgilvie, Lloyd John.
240 1 0 _aAsk Him anything
245 1 0 _aAsking God your hardest questions /
_cLloyd John Ogilvie.
260 _aWheaton, Ill. :
_bH. Shaw Publishers,
_cc1996.
300 _a253 p. ;
_c23 cm.
500 _aOriginally published: Ask Him anything. Waco, Tex. : Word Books, c1981.
650 0 _aTheology, Doctrinal
_xPopular works.
650 0 _aChristian life
_xPresbyterian authors.
906 _a7
_bcbc
_corignew
_d1
_eocip
_f19
_gy-gencatlg
991 _bc-GenColl
_hBT77
_i.O35 1996
_p00034610277
_tCopy 1
_wBOOKS
001 data
999 _c202
_d202